Ανθρώπινα δικαιώματα : οι κυριότερες διεθνείς συμβάσεις : Ηνωμένα Εθνη και UNESCO

Saved in:
Bibliographic Details
Corporate Author: Ελληνικό Τμήμα Διεθνούς Αμνηστίας
Format: Book
Language:Greek
Published: Αθήνα : Ελληνικό Τμήμα Διεθνούς Αμνηστίας, 1987
Subjects:
Tags: Add Tag
No Tags, Be the first to tag this record!

MARC

LEADER 00000nam a2200000 i 4500
001 1/102491
008 950504s1987 gre d
035 |l 10012525 
040 |a GR-MY-UA  |b gre  |e aacr 
041 0 |a gre 
082 0 |a 323 
110 2 |a Ελληνικό Τμήμα Διεθνούς Αμνηστίας. 
245 1 0 |a Ανθρώπινα δικαιώματα :  |b οι κυριότερες διεθνείς συμβάσεις : Ηνωμένα Εθνη και UNESCO /  |c Ελληνικό Τμήμα Διεθνούς Αμνηστίας 
260 |a Αθήνα :   |b Ελληνικό Τμήμα Διεθνούς Αμνηστίας,   |c 1987 
300 |a 187 σ. 
650 0 0 |a Human rights. 
852 |a INST  |b LESVOS  |e 19950504  |h 323 ΑΝΘ  |p 005100001318  |q 005100001318  |t BK  |y 0 
909 |a Λ  |b 009396 
922 |a 1ΔΩΡ  |b 198803